000 01266nam0a2200289 4500
001 RU\NLR\bibl\147176
005 20250618050313.0
021 _aRU
_b2000-23767п
_9854
035 _a(NLR Aleph) 000144223
090 _a826267
_c826267
100 _a20010406d2000 |||y0rusy50 ca
101 0 _arus
102 _aRU
105 _aa |||||||||
200 1 _aЧто надо знать предпринимателю Петербурга о лицензировании и сертификации
_e[Сб. ст.
_fРед.-сост. Н.Б.Битяй]
210 _aСПб.
_cБ.и.
_d2000
215 _a96 с.
_cил.
_d28
225 1 _aКонсультант предпринимателя
_eДокументы. Коммент. Рекомендации
_eЖурн. для малого и сред. бизнеса
_eПрил. к газ. "Предприниматель Петербурга"
_vСпец.вып.
606 0 _aПредпринимательство
_yСанкт-Петербург, город
_92171035
_3RU\NLR\auth\661305981
686 _aУ9(2)-13(2-2СПб)
702 1 _aБитяй
_bН. Б.
_4220
801 0 _aRU
_bNLR
_c20010406
_gPSBO
801 1 _aRU
_bNLR
_c20010406
852 _aNLR
_jП23/4413
942 _cBOOK
980 _aNB